00000000nas 2200000zi 4500
0019.949050
003CaOODSP
00520250910142915
006m     o  d f      
007cr cn ||||||||
008250312d19471965oncqx p o    f0   b0fre|d
040 |aCaOODSP|bfre|erda|cCaOODSP
043 |an-cn---
0861 |aD12-11F-PDF
24500|aJournal de l'Armée canadienne.
24613|aJAC
264 1|aOttawa : |bDéfense nationale = National Defence, |c1947-1965.
336 |atexte|btxt|2rdacontent/fre
337 |ainformatique|bc|2rdamedia/fre
338 |aressource en ligne|bcr|2rdacarrier/fre
3621 |aParaît depuis : Vol. 1 (avril 1947); ne paraît plus après : vol. 19, no 2 (avril 1965).
500 |aPublié aussi en anglais sous le titre : Canadian Army journal.
500 |aÉdition numérisée de l'imprimé [par Défense nationale du Canada].
500 |a«Publié par la Direction de l'instruction militaire, sous l'autorité du chef de l'état-major général.»
530 |aÉgalement publié en version imprimée.
61010|aCanada. |bArmée canadienne |vPériodiques.
650 6|aArt et science militaires|zCanada|vPériodiques.
650 6|aHistoire militaire|zCanada|vPériodiques.
655 7|aPériodiques|2rvmgf
7101 |aCanada. |bMinistère de la défense nationale, |eorganisme de publication.
77508|tCanadian Army journal.|w(CaOODSP)9.943862
78500|tLe journal de l'Armée du Canada.|w(CaOODSP)9.501531